01941nam a2200265uu 4500001000800000005001700008008004100025020001800066035001200084040001300096041000800109082000800117100003100125245007100156246005300227260003900280300004300319490001500362505035000377520077100727650003501498650003901533650003101572700007201603144608720260508090848.0160725s2012 spa  a9788441531871 a1446087 ccomduadb aspa 4a77810aYoung, Nicole S.4auteaut13aEl sabor de una imagen: fotografías de alimentos de alta calidad1 aFood photography: from snapshots to great shots. aMadrid :bAnaya Multimedia,c2012. a287 páginas :bilustraciones a color0 aPhoto Club aCONTENIDO : Capítulo 1: Fundamentos de la fotografía. -- Capítulo 2: El equipamiento fotográfico. -- Capítulo 3: Iluminación. -- Capítulo 4: Estilismo y atrezo. -- Capítulo 5: Encuadre y composición. -- Capítulo 6: Procesamiento de imágenes en Adobe Photoshop. -- Capítulo 7: Entre bastidores. -- índice alfabético. .3 aRESUMEN: "¿Es usted un gourmet que busca crear fotografías atractivas de sus creaciones culinarias? ¿Escribe un blog gastronómico donde le gustaría mostrar sus recetas con imágenes de alta calidad? ¿Le interesa crear fotografías que transmitan el sabor de sus platos preferidos pero no tiene los suficientes conocimientos fotográficos? Lograr una atractiva presentación visual de los platos es el objetivo de la afamada fotógrafa Nichole S. Young en este libro. Se trata del efecto deslumbrante que produce la fotografía aplicada a los alimentos, con consejos prácticos y trucos profesionales. Ella nos sirve los ingredientes necesarios: luces, objetivos, reflectores para crear una excelente receta de iluminación, enfoque y composición." 7aFotografía artística2lemb aFotografía artistica - Técnica aFotografías de alimentos10aCasanova Fernández, Vanesa4trl0(viaf)124147266666935481078etrl